Things I Have An Entirely Average Opinion Of - Statistics

General Stats
  • This quiz has been taken 15 times
    9 since last reset
  • The average score is 16 of 20
Answer Stats
Hint Answer % Correct
You sit on these. Chairs
100%
I wouldn't be able to see 2 feet in front of me without these, but they smudge every 5 minutes. Glasses
100%
This color looks good in nature, but pretty much nowhere else. Green
100%
This music genre is the most popular, yet it's always hit or miss. Pop
100%
The only reason so many people eat this is because theaters have made it the norm. Popcorn
100%
This seasoning is abundant in chips, but if you put just 1 mg of it in something like a milkshake, it'll taste revolting. Salt
100%
This fast food restaurant has decent roast beef sandwiches. Arby's
88%
You use them in 3rd grade art class and then forget they exist when you discover colored pencils. Crayons
88%
It can feel strange wearing something on your head, but sometimes it's worth it to have something to block the sun. Hat/Cap
88%
These taste fine, but if I'm craving candy, it's not because I want to suck on something. Lollipop
88%
This social media app lets you interact with any community, as long as you're prepared for that community to be extremely toxic. Twitter/X
88%
This literary genre is very boring, yet informative. Nonfiction
75%
This has no real use other than tides and werewolves I guess. The Moon
75%
These should be ridiculously fun to throw at people, but they never break when they hit. Water Balloons
75%
This product moisturizes you, but why would you want that? Moisturizer
63%
This singer was in her prime when she only sang about boys. Now she sings about how everyone hates her. Taylor Swift
63%
No one cares about this shape, but if you add one more side, you get one of the most recognizable shapes (because of the stop sign). Heptagon
50%
These replace retail workers and work correctly 97% of the time. The other 3%, you have to look at the product you just paid for dangling on the edge of its row. Vending Machine
50%
With the exception of games like Clash Royale, most of these are lame. Mobile Games
38%
The most annoying and somehow most practical utensil. Spork
25%
No matching quizzes found
Score Distribution
Percent of People with Each Score
Percentile by Number Answered
Your Score History
You have not taken this quiz since the last reset